[Event "Mecklenburg VP-ch U14 Girls"]
[Site "Malchow"]
[Date "2018.02.07"]
[Round "4.3"]
[White "Stadach, Emi Gisela"]
[Black "Mueller, Sophie Charlotte"]
[Result "0-1"]
[WhiteElo "857"]
[BlackElo "1035"]
[PlyCount "108"]
[EventDate "2018.02.07"]
[EventType "tourn"]
[EventRounds "5"]
[EventCountry "GER"]
[SourceTitle "EXT 2022"]
[Source "ChessBase"]
[SourceDate "2021.10.06"]
[SourceVersion "1"]
[SourceVersionDate "2021.10.06"]
[SourceQuality "1"]

1. e4 d6 2. d4 Nc6 3. Nf3 Bg4 4. Bc4 g6 5. Nc3 Bg7 6. Be3 Nf6 7. Qd2 0-0 8. h3 Bxf3 9. gxf3 e5 10. d5 Ne7 11. 0-0-0 Kh8 12. Rhg1 Rb8 13. Bh6 Bxh6 14. Qxh6 Neg8 15. Qg5 c6 16. Rd3 b5 17. Bb3 b4 18. Ne2 Qb6 19. Rg2 Qa6 20. Rd2 cxd5 21. exd5 e4 22. Nd4 exf3 23. Nxf3 Ne4 24. Qf4 Nxd2 25. Nxd2 Rbe8 26. Qd4+ f6 27. Rg1 Qb7 28. Ba4 Re5 29. Bc6 Qb6 30. Nf3 Rf5 31. Qd1 Qxf2 32. Nd4 Qf4+ 33. Qd2 Qxd2+ 34. Kxd2 Rh5 35. Ne6 Rb8 36. Rg3 Ne7 37. Rd3 Rb6 38. Ba8 Rb5 39. c4 Ra5 40. a3 bxa3 41. bxa3 Nc8 42. Nf4 Rh4 43. Ke3 g5 44. Ng2 Rxh3+ 45. Kd2 Rxd3+ 46. Kxd3 Rxa3+ 47. Ke4 Nb6 48. Bc6 Nxc4 49. Kd4 Nb2 50. Ne3 Rxe3 51. Kxe3 h5 52. Kf3 Kg7 53. Bd7 a5 54. Ke4 a4 0-1

[Event "Mecklenburg VP-ch Youth"]
[Site "Malchow"]
[Date "2017.02.14"]
[Round "4.1"]
[White "Bress, Amy Charlize"]
[Black "Stadach, Emi Gisela"]
[Result "1-0"]
[WhiteElo "1253"]
[BlackElo "773"]
[PlyCount "83"]
[EventDate "2017.02.08"]
[EventType "swiss"]
[EventRounds "7"]
[EventCountry "GER"]
[SourceTitle "EXT 2022"]
[Source "ChessBase"]
[SourceDate "2021.10.06"]
[SourceVersion "1"]
[SourceVersionDate "2021.10.06"]
[SourceQuality "1"]

1. e4 e5 2. Nf3 Nc6 3. Bb5 a6 4. Ba4 Nf6 5. 0-0 b5 6. Bb3 Bc5 7. c3 d6 8. d4 exd4 9. cxd4 Bb6 10. h3 0-0 11. Re1 Bd7 12. d5 Nb4 13. a3 Nc6 14. dxc6 Bxc6 15. Nc3 h6 16. Nd5 Ba5 17. Bd2 Bxd2 18. Qxd2 a5 19. a4 bxa4 20. Nxf6+ Qxf6 21. Bxa4 Ra6 22. Qd4 Qf4 23. Qd2 Qf6 24. Qc3 Qg6 25. Bxc6 Rb6 26. Rxa5 f6 27. Ra8 Rbb8 28. Rea1 Qf7 29. Rxb8 Rxb8 30. Bd5 Rf8 31. Bxf7+ Rxf7 32. Ra7 d5 33. exd5 Rf8 34. Rxc7 Rf7 35. Rxf7 Kxf7 36. Qc7+ Kg6 37. d6 h5 38. d7 Kh6 39. d8Q Kg6 40. Qd3+ Kh6 41. Qf7 h4 42. Qfg6# 1-0

[Event "Mecklenburg VP-ch Youth"]
[Site "Malchow"]
[Date "2017.02.14"]
[Round "5.1"]
[White "Stadach, Emi Gisela"]
[Black "Sohrweide, Milena"]
[Result "1-0"]
[WhiteElo "773"]
[BlackElo "1066"]
[PlyCount "55"]
[EventDate "2017.02.08"]
[EventType "swiss"]
[EventRounds "7"]
[EventCountry "GER"]
[SourceTitle "EXT 2022"]
[Source "ChessBase"]
[SourceDate "2021.10.06"]
[SourceVersion "1"]
[SourceVersionDate "2021.10.06"]
[SourceQuality "1"]

1. e4 e5 2. Nf3 Nc6 3. Bc4 Bc5 4. Nc3 Nf6 5. d3 h6 6. Be3 Bxe3 7. fxe3 0-0 8. Qe2 d6 9. 0-0-0 Bg4 10. h3 Bd7 11. Nd5 Be6 12. Nc3 Bxc4 13. dxc4 Re8 14. c5 a6 15. g4 b6 16. cxb6 cxb6 17. g5 hxg5 18. Nxg5 Nh7 19. Nxh7 Kxh7 20. Qh5+ Kg8 21. Rhf1 g6 22. Qh6 Re6 23. Rf2 Qf8 24. Qg5 Qg7 25. Nd5 Kh8 26. Nf6 Qf8 27. Qh4+ Kg7 28. Qh7# 1-0